000 00304nam a22001337a 4500
008 170502b xxu||||| |||| 00| 0 eng d
020 _a9780130931016
041 _aeng
080 _a34
100 _a13
101 _aSHJ
245 _aETHICS AND COLLEGE STUDENT LIFE
_cSTRIKE.K.A
942 _2udc
_cBK
999 _c12466
_d12466